U.S. Cities by Emoji - Statistics

General Stats
  • This quiz has been taken 136 times
  • The average score is 8 of 12
Answer Stats
Emojis Answer % Correct
πŸŽπŸ—½πŸš• New York
100%
πŸŽ₯πŸŒ΄πŸ‘Ό Los Angeles
86%
πŸŒ‰πŸ³οΈβ€πŸŒˆπŸšƒ San Francisco
82%
πŸ‚πŸ€ πŸ›’ Dallas
77%
🎰😈🀩 Las Vegas
76%
πŸ–οΈπŸ‡¨πŸ‡ΊπŸš’ Miami
72%
πŸŒ¬οΈπŸ•πŸŒŠ Chicago
66%
πŸŒ§οΈπŸŒ²β˜• Seattle
66%
πŸŽ™οΈπŸŽΈπŸ— Nashville
57%
🏜πŸ”₯πŸ¦… Phoenix
56%
πŸ””πŸ§€πŸ₯© Philadelphia
53%
β›°οΈπŸŒπŸ¦– Denver
46%
No matching quizzes found
Score Distribution
Percent of People with Each Score
Percentile by Number Answered
Your Score History
You have not taken this quiz